El secreto de la fuente / (Registro nro. 8820)
[ vista simple ]
| 000 -LEADER | |
|---|---|
| fixed length control field | 00864nam a22002777a 4500 |
| 001 - CONTROL NUMBER | |
| control field | 57970 |
| 003 - CONTROL NUMBER IDENTIFIER | |
| control field | DO-SdBNP |
| 005 - DATE AND TIME OF LATEST TRANSACTION | |
| control field | 20180207132823.0 |
| 007 - PHYSICAL DESCRIPTION FIXED FIELD--GENERAL INFORMATION | |
| fixed length control field | 57970 |
| 008 - FIXED-LENGTH DATA ELEMENTS--GENERAL INFORMATION | |
| fixed length control field | 891108s1988 sp spa |
| 016 7# - NATIONAL BIBLIOGRAPHIC AGENCY CONTROL NUMBER | |
| Source | BPMSU |
| 020 ## - INTERNATIONAL STANDARD BOOK NUMBER | |
| International Standard Book Number | 8434586460 |
| 040 ## - CATALOGING SOURCE | |
| Original cataloging agency | BPMSU |
| Language of cataloging | spa |
| Transcribing agency | BPMSU |
| 100 1# - MAIN ENTRY--PERSONAL NAME | |
| Personal name | Rinser, Luise, |
| Dates associated with a name | 1911-2002 |
| 240 10 - UNIFORM TITLE | |
| Uniform title | <a href="Geheimnis des Brunnens">Geheimnis des Brunnens</a> |
| Language of a work | Español |
| 245 13 - TITLE STATEMENT | |
| Title | El secreto de la fuente / |
| Statement of responsibility, etc. | Luise Rinser ; traducción de Mª Jesús Ampudia ; ilustraciones de Hans Poppel |
| 260 1# - PUBLICATION, DISTRIBUTION, ETC. (IMPRINT) | |
| Place of publication, distribution, etc. | Barcelona : |
| Name of publisher, distributor, etc. | Salvat, |
| Date of publication, distribution, etc. | 1988 |
| 300 ## - PHYSICAL DESCRIPTION | |
| Extent | 137 p. ; |
| Other physical details | il. : |
| Dimensions | 22 cm, |
| 490 1# - SERIES STATEMENT | |
| Series statement | Biblioteca juvenil |
| Volume/sequential designation | 66 |
| 700 12 - ADDED ENTRY--PERSONAL NAME | |
| Personal name | Ampudia, María Jesús |
| Relator code | tr. |
| 700 12 - ADDED ENTRY--PERSONAL NAME | |
| Personal name | Poppel, Hans |
| Relator code | il. |
| 830 #0 - SERIES ADDED ENTRY--UNIFORM TITLE | |
| Uniform title | Biblioteca juvenil (Salvat Editores) |
| Volume number/sequential designation | 66 |
| 942 ## - ADDED ENTRY ELEMENTS (KOHA) | |
| Source of classification or shelving scheme | Dewey Decimal Classification |
| Koha item type | Libros |
| 945 ## - LOCAL PROCESSING INFORMATION (OCLC) | |
| a | Inventariado, 2018 /LP |
| 956 ## - LOCAL ELECTRONIC LOCATION AND ACCESS (OCLC) | |
| Host name | VMATEO |
| Access method | 20 |
| Materials specified | 20151119 |
| Linkage | BPMSU |
| Field link and sequence number | 00151 |
| Withdrawn status | Lost status | Source of classification or shelving scheme | Damaged status | Not for loan | Collection code | Home library | Current library | Date acquired | Source of acquisition | Total Checkouts | Barcode | Date last seen | Price effective from | Koha item type |
|---|---|---|---|---|---|---|---|---|---|---|---|---|---|---|
| Dewey Decimal Classification | Colección General | Biblioteca Pública Metropolitana Salomé Ureña | Biblioteca Pública Metropolitana Salomé Ureña | 11/19/2015 | FUNDI | BPMSU15110390 | 11/19/2015 | 11/19/2015 | Libros | |||||
| Dewey Decimal Classification | Colección General | Biblioteca Pública Metropolitana Salomé Ureña | Biblioteca Pública Metropolitana Salomé Ureña | 11/19/2015 | FUNDI | BPMSU15110391 | 11/19/2015 | 11/19/2015 | Libros |